00689nam a22001937a 4500003000900000005001700009008002900026020001800055040002200073082002300095245012500118260004700243300002100290490002600311500007200337650002400409650002400433700003800457DO-SdBNP20210721083246.0 2018 / dr. ||||spa d a9789945503203 aBPMSUbspacBPMSU aG863.08bM678m222 aMis manos son tu superficie :bantología de narrativa guatemalteca /cSelección y notas de Francisco Morales Santos. aSanto Domingo :bEditora Nacional, c2018. a449 p. ,c23 cm.0 aHomenaje ;aNarrativa aIncluyes datos biográficos del autor en la solapa de la cubierta. 4aNovela guatemalteca 4aNovela guatemalteca1 aMorales Santos, Francisco d1948-